000 00949nam a2200301 4500
001 75050
010 _a9789896262181
021 _aPT
_b308151/10
090 _a75050
100 _a20110429d2010 m y0pory5003 ba
101 0 _apor
102 _aPT
105 _aa z 001yy
106 _ar
200 1 _aCozinha para quem não tem tempo
_fMafalda Pinto Leite
_gfot. Nuno Correia
_gprod. Ana Trancoso
_grev. Sofia Graça Moura
205 _a1<U+00AA> ed
210 9 _aLisboa
_cA Esfera dos livros,
_d2010
215 _a329, [2] p.
_cil.
_d24 cm
675 _a641
_vBN
_zpor
700 1 _aLeite,
_bMafalda Pinto
702 1 _aMoura,
_bSofia Graça
_4675
702 1 _92
_aCorreia,
_bNuno
_4600
702 1 _aAscensão,
_bAna Trancoso
_4070
801 0 _aPT
_bBN
_gRPC
942 _cMON
_n0